Hey Arnold! Characters by Picture Quiz Stats

 Plays Quiz Updated Dec 28, 2014

Challenge
Share
Tweet
Score 0/16 Timer 05:00
7 Plays Today
% Correct
Arnold
97.7%
Helga Pataki
91%
Gerald Johanssen
79.8%
Sid
70.5%
Harold Berman
68.7%
Stinky Peterson
65.5%
Eugene Horowitz
63.7%
Phoebe Heyerdahl
63.6%
% Correct
Olga Pataki
60.6%
Big Bob Pataki
55.2%
Rhonda Wellington Lloyd
54.2%
Oskar Kokoshka
49.4%
Lila Sawyer
48.9%
Grandpa Phil
39%
Thaddeus 'Curly' Gammelthorpe
36.9%
Ernie Potts
35%

You're not logged in!

Compare scores with friends on all Sporcle quizzes.
OR
Log In

You Might Also Like...

Show Comments

Extras

Top Quizzes Today


Score Distribution

Your Account Isn't Verified!

In order to create a playlist on Sporcle, you need to verify the email address you used during registration. Go to your Sporcle Settings to finish the process.

Report this User

Report this user for behavior that violates our Community Guidelines.

Details: